Malaysia : beyond communal politics /

Bibliographic Details
Main Author: GOH Cheng Teik
Format: Book
Published: Selangor: Pelanduk Publications, 1994.
Edition:1st ed..
Subjects:
LEADER 00800cam a2200265 7i4500
001 0000054645
005 20151104090000.0
005 ##20151104173200.0
002 ##000001594
003 ##MY-KlINT
008 151104 00010 eng
020 # # |a 9679784754  
039 # 9 |y 201511041732  |z VLOAD 
090 0 0 |a 320.9595 GOH  
100 1 # |a GOH Cheng Teik. 
245 0 0 |a Malaysia :   |b beyond communal politics /   |c Goh Cheng Teik.. 
250 # # |a 1st ed.. 
260 # # |a Selangor:   |b Pelanduk Publications,   |c 1994. 
300 # # |a 70p; 22cm. 
650 # 0 |a MALAYSIA - Ethics relations-politics aspects  
650 # 0 |a Malaysia--Politics and government  
996 |a ikwas2000.out 
997 |a 3000017792  |b IKWS  |c MNF  |d BOK 
998 |a 0000001574 
999 |a 3000017792  |b BOOK  |c Main Non-Fiction  |e INTAN Kampus Wilayah Selatan